| 000 | 00685nam a2200229Ia 4500 | ||
|---|---|---|---|
| 005 | 20240217112833.0 | ||
| 008 | 131103s9999 xx 000 0 und d | ||
| 020 | _a27985857 | ||
| 040 | _aLoreto College | ||
| 041 | _aEnglish | ||
| 082 |
_a363.7 _bJOH |
||
| 100 | _aJohansen, Bruce Elliot, 1950- | ||
| 245 |
_aGlobal warming in the 21st century _cBruce Elliot Johansen |
||
| 260 |
_aLondon _bAtlantic _c2007 |
||
| 300 |
_av.1 _b ill. |
||
| 504 | _av.1 Our evolving climate crisis | ||
| 630 | _aGlobal Warming - Political aspect, 21st century | ||
| 650 | _aGlobal Warming - Environmental aspect, 21st century | ||
| 651 | _aNatural Disasters | ||
| 850 | _aLCLIB | ||
| 942 | _cBK | ||
| 999 |
_c18074 _d68553 |
||